000 00783nam a2200229 a 4500
001 000022769
005 20200930021804.0
008 101117s1987 mx r 000 | spa d
020 _a9684093705
040 _aDO-SdBNP
_bspa
_cBNPHU
082 _a306.0973
_bS964c
100 1 _aSusman, Warren I.
_946780
240 1 0 _aCulture as history
245 1 3 _aLa cultura como historia :
_btransformación de la sociedad norteamericana en el siglo veinte /
_cWarren I. Susman; traducción de Rafael Quijano Ramírez.
260 _aMéxico D. F. :
_bEDAMEX,
_c1987.
300 _a367 p. :
_bil. ;
_c21 cm.
650 4 _4CULTURA
650 4 _aCultura
_xHistoria
_946781
700 1 _aQuijano Ramírez, Rafael
_etr.
_946782
834 _aTítulo original :
_tCulture as history
049 _aBNGR
999 _c22266
_d22266